[Event "Donetzk zt"]
[Site "Donetsk"]
[Date "1998.11.08"]
[Round "6"]
[White "Savchenko, Stanislav"]
[Black "Neverov, Valeriy"]
[Result "1-0"]
[WhiteElo "2555"]
[BlackElo "2515"]
[PlyCount "69"]
[EventDate "1998.11.02"]
[Source "ChessBase"]
[SourceDate "1999.02.01"]

1. Nf3 Nf6 2. c4 g6 3. Nc3 c5 4. d4 cxd4 5. Nxd4 Nc6 6. e4 Bg7 7. Be3 Ng4 8. Qxg4 Nxd4 9. Qd1 Ne6 10. Rc1 b6 11. Bd3 Bb7 12. O-O O-O 13. Qd2 d6 14. Rfd1 Rc8 15. b4 Qd7 16. f3 Ba6 17. Ne2 Qa4 18. f4 Rfe8 19. f5 Nf8 20. Bd4 Bxd4+ 21. Nxd4 Nd7 22. Bc2 Qa3 23. Bb3 Bb7 24. Nb5 Qa6 25. Qf4 Kg7 26. Nxd6 exd6 27. Rxd6 Rxe4 28. f6+ Kg8 29. Qh6 Nxf6 30. Rxf6 Re2 31. Rxf7 Rxg2+ 32. Kf1 Kxf7 33. Qxh7+ Kf8 34. Re1 Bd5 35. Re7 1-0

[Event "Copenhagen BSF"]
[Site "Copenhagen"]
[Date "1995.??.??"]
[Round "10"]
[White "Leko, Peter"]
[Black "Nielsen, Peter Heine"]
[Result "1/2-1/2"]
[WhiteElo "2555"]
[BlackElo "2500"]
[PlyCount "52"]
[EventDate "1995.03.??"]
[Source "ChessBase"]

1. e4 c5 2. Nf3 Nc6 3. d4 cxd4 4. Nxd4 g6 5. c4 Bg7 6. Be3 Nf6 7. Nc3 Ng4 8. Qxg4 Nxd4 9. Qd1 Ne6 10. Rc1 Qa5 11. Qd2 b6 12. Bd3 Bb7 13. Bb1 g5 14. b3 d6 15. f3 h5 16. Nd5 Qxd2+ 17. Kxd2 h4 18. g3 hxg3 19. hxg3 Kd7 20. Bd3 Nd4 21. f4 gxf4 22. gxf4 e6 23. Nc3 Nf3+ 24. Ke2 Nd4+ 25. Kd2 Nf3+ 26. Ke2 Nd4+ 1/2-1/2

[Event "FRA Team Ch"]
[Site "France"]
[Date "1995.??.??"]
[Round "?"]
[White "Hamdouchi, Hichem"]
[Black "Kallai, Gabor"]
[Result "0-1"]
[WhiteElo "2555"]
[BlackElo "2500"]
[PlyCount "62"]
[EventDate "1995.??.??"]
[Source "www.chesslib.no"]
[SourceDate "2004.05.04"]

1. e4 c5 2. Nf3 Nc6 3. d4 cxd4 4. Nxd4 g6 5. c4 Bg7 6. Be3 Nf6 7. Nc3 Ng4 8. Qxg4 Nxd4 9. Qd1 e5 10. Bd3 O-O 11. O-O d6 12. Ne2 Ne6 13. Qd2 b6 14. Rad1 Bb7 15. Bb1 f5 16. exf5 gxf5 17. f4 e4 18. a3 Qf6 19. b4 Rfd8 20. Ba2 Kh8 21. Rf2 b5 22. g4 bxc4 23. gxf5 c3 24. Nxc3 Qxf5 25. Bxe6 Qxe6 26. f5 Qe5 27. Ne2 Bf6 28. Bd4 Qe7 29. Qc3 Rf8 30. Nf4 Bc8 31. Qh3 Qg7+ 0-1

[Event "57th Greek Men Championship"]
[Site "Igoumenitsa"]
[Date "2007.12.06"]
[Round "6.1"]
[White "Mastrovasilis, Athanasios"]
[Black "Nikolaidis, Ioannis"]
[Result "1/2-1/2"]
[WhiteElo "2529"]
[BlackElo "2525"]
[PlyCount "124"]
[EventDate "2007.??.??"]
[Source "www.chesslib.no"]
[SourceDate "2004.05.04"]

1. Nf3 c5 2. c4 g6 3. d4 cxd4 4. Nxd4 Bg7 5. e4 Nc6 6. Be3 Nf6 7. Nc3 Ng4 8. Qxg4 Bxd4 9. Bxd4 Nxd4 10. O-O-O d6 11. Qg3 e5 12. f4 f6 13. f5 Kf7 14. Rxd4 exd4 15. Nb5 Qe7 16. Bd3 Qe5 17. Qf2 Bd7 18. Nxd4 Kg7 19. h4 gxf5 20. exf5 Rhe8 21. Ne6+ Bxe6 22. Re1 Qc5 23. Qg3+ Kh8 24. fxe6 Re7 25. Qf4 Rf8 26. Qh6 Qc8 27. Rf1 f5 28. Re1 Qe8 29. h5 Rg7 30. Qf4 Qxh5 31. Qxd6 Qg5+ 32. Kb1 Re7 33. Qe5+ Qg7 34. Bxf5 Qxe5 35. Rxe5 Kg7 36. Kc2 Kf6 37. Re3 Rc8 38. Bh3 Rxc4+ 39. Kb3 Rf4 40. Rd3 b6 41. Rd5 Rg7 42. a3 Re4 43. Ka2 Re3 44. Rf5+ Ke7 45. Rd5 Reg3 46. Rd7+ Kf6 47. Rd5 R3g5 48. Rd4 Rb5 49. Rf4+ Ke7 50. Rd4 h5 51. Rd7+ Kf6 52. Rd4 Re5 53. Rf4+ Kg5 54. Rf7 Kg6 55. Rf4 Re3 56. Rf8 Re7 57. Rg8+ Kf6 58. Rf8+ Kg7 59. Rf4 Kg6 60. Rf8 Rxh3 61. gxh3 Rxe6 62. h4 Re4 1/2-1/2

[Event "Camp. bielorusso 2008"]
[Site "Minsk BLR"]
[Date "2008.01.18"]
[Round "9"]
[White "Zhigalko, Andrey"]
[Black "Tihonov, Jurij"]
[Result "0-1"]
[WhiteElo "2556"]
[BlackElo "2497"]
[PlyCount "72"]
[EventDate "2008.01.10"]
[Source "www.chesslib.no"]
[SourceDate "2004.05.04"]

1. c4 c5 2. Nf3 g6 3. d4 cxd4 4. Nxd4 Bg7 5. e4 Nc6 6. Be3 Nf6 7. Nc3 Ng4 8. Qxg4 Nxd4 9. Qd1 Ne6 10. Rc1 d6 11. Be2 Qa5 12. O-O Bd7 13. a3 Bc6 14. Bd2 Qe5 15. b4 O-O 16. f4 Qd4+ 17. Kh1 f5 18. exf5 Rxf5 19. b5 Bd7 20. Nd5 Rf7 21. Bg4 Rd8 22. Qe1 Nc5 23. Be3 Qb2 24. Bxd7 Nxd7 25. Qa5 Rc8 26. Qxa7 e6 27. Nb6 Nxb6 28. Bxb6 Qb3 29. Rf3 Qb2 30. Be3 d5 31. Rf2 Qb3 32. Qb6 Rxc4 33. Re1 Re4 34. Rfe2 Bc3 35. Bc5 Rxe2 36. Qd8+ Kg7 0-1

[Event "EU-chT (Men)"]
[Site "Batumi"]
[Date "1999.12.07"]
[Round "9.3"]
[White "Gallagher, Joseph G"]
[Black "Gelashvili, Tamaz"]
[Result "1-0"]
[WhiteElo "2521"]
[BlackElo "2531"]
[PlyCount "99"]
[EventDate "1999.11.06"]
[Source "ChessBase"]
[SourceDate "2000.02.01"]

1. e4 c5 2. Nf3 Nc6 3. d4 cxd4 4. Nxd4 g6 5. c4 Bg7 6. Be3 Nf6 7. Nc3 Ng4 8. Qxg4 Bxd4 9. Bxd4 Nxd4 10. O-O-O Nc6 11. Qg3 Qa5 12. h4 h5 13. f4 d6 14. Rd5 Qb6 15. f5 gxf5 16. exf5 Bd7 17. f6 O-O-O 18. Be2 Rdg8 19. Rg5 Rxg5 20. hxg5 exf6 21. gxf6 Ne5 22. Rd1 h4 23. Qf4 Ng6 24. Qxd6 Qxd6 25. Rxd6 Bc6 26. Nd5 Ne5 27. c5 Kb8 28. b4 a6 29. Kd2 Rg8 30. Ke3 Re8 31. Kf2 Bxd5 32. Rxd5 Re6 33. Rd6 Rxd6 34. cxd6 Kc8 35. Ke3 Kd7 36. Kf4 Kxd6 37. Kg5 Ke6 38. a4 Nd7 39. Bg4+ Kd6 40. Bh5 Ke6 41. Bg4+ Kd6 42. a5 Ne5 43. Bd1 Nc6 44. Bb3 Nxb4 45. Bxf7 Nc6 46. Ba2 Ne5 47. Kxh4 Nd7 48. Kg5 b6 49. axb6 Nxb6 50. Kf5 1-0

[Event "Belgrade IKO"]
[Site "Belgrade"]
[Date "1992.??.??"]
[Round "8"]
[White "Damljanovic, Branko"]
[Black "Iashvili, Akaki"]
[Result "1/2-1/2"]
[WhiteElo "2595"]
[BlackElo "2455"]
[PlyCount "69"]
[EventDate "1992.07.??"]
[Source "ChessBase"]

1. Nf3 c5 2. c4 g6 3. d4 cxd4 4. Nxd4 Nc6 5. e4 Bg7 6. Be3 Nf6 7. Nc3 Ng4 8. Qxg4 Nxd4 9. Qd1 Ne6 10. Qd2 b6 11. Be2 Bb7 12. O-O O-O 13. f3 f5 14. exf5 gxf5 15. Nd5 Nc7 16. Nc3 Qe8 17. f4 d6 18. Bf3 Bxf3 19. Rxf3 Rd8 20. Re1 Qf7 21. Bf2 e5 22. b3 Kh8 23. Rd3 e4 24. Rg3 d5 25. Rxg7 Kxg7 26. Bd4+ Kg8 27. Re3 Rd6 28. Be5 Rg6 29. cxd5 Rd8 30. Re1 Qe7 31. Rd1 Qc5+ 32. Bd4 Qd6 33. Be5 Qc5+ 34. Bd4 Qd6 35. Be5 1/2-1/2

[Event "San Bernardino"]
[Site "?"]
[Date "1988.??.??"]
[Round "?"]
[White "Campora, Daniel Hugo"]
[Black "Cebalo, M."]
[Result "1/2-1/2"]
[WhiteElo "2540"]
[BlackElo "2510"]
[PlyCount "100"]
[EventDate "1988.??.??"]
[Source "ChessBase"]
[SourceDate "1988.07.01"]

1. e4 c5 2. Nf3 Nc6 3. d4 cxd4 4. Nxd4 g6 5. Be3 Bg7 6. c4 Nf6 7. Nc3 Ng4 8. Qxg4 Nxd4 9. Qd1 Ne6 10. Rc1 Qa5 11. Be2 b6 12. O-O Bb7 13. f3 g5 14. Qd2 h5 15. Rfd1 d6 16. a3 Kf8 17. Nd5 Qxd2 18. Rxd2 Rc8 19. b4 Be5 20. a4 Bxd5 21. exd5 Bf4 22. Kf2 Bxe3+ 23. Kxe3 Nf4 24. Bf1 h4 25. a5 Rh6 26. Ra1 e6 27. axb6 axb6 28. dxe6 Rxe6+ 29. Kf2 Ng6 30. Ra6 Ne5 31. Rxb6 Nxc4 32. Bxc4 Rxc4 33. Rb2 Ke7 34. Rb7+ Kf6 35. b5 Re5 36. Ra7 Rec5 37. Raa2 Rc7 38. b6 Rb7 39. Ra5 Rc5 40. Ra4 Ke6 41. h3 Kd7 42. g3 hxg3+ 43. Kxg3 Kc6 44. Rab4 Rc3 45. Kg4 f6 46. Rb1 d5 47. R4b2 Kd6 48. Re1 Rc4+ 49. Kg3 Rc6 50. Reb1 Rc4 1/2-1/2

[Event "Cebu"]
[Site "Cebu"]
[Date "1992.??.??"]
[Round "2"]
[White "Antonio, Rogelio Jr"]
[Black "Rogers, Ian"]
[Result "1/2-1/2"]
[WhiteElo "2500"]
[BlackElo "2550"]
[PlyCount "65"]
[EventDate "1992.05.??"]
[Source "ChessBase"]

1. e4 c5 2. Nf3 Nc6 3. d4 cxd4 4. Nxd4 g6 5. c4 Bg7 6. Be3 Nf6 7. Nc3 Ng4 8. Qxg4 Nxd4 9. Qd1 Ne6 10. Qd2 Qa5 11. Rc1 b6 12. Be2 Bb7 13. f3 h5 14. O-O g5 15. a3 Qe5 16. Rfd1 d6 17. b4 Kf8 18. Bf1 h4 19. a4 Bc6 20. Qf2 g4 21. fxg4 h3 22. g3 Qf6 23. Qf5 Qg6 24. Bd3 Bh6 25. Bxh6+ Qxh6 26. Rf1 Qe3+ 27. Qf2 Qxf2+ 28. Kxf2 a5 29. b5 Nc5 30. Ke3 Bd7 31. Be2 Rg8 32. Rf4 Rb8 33. Rcf1 1/2-1/2

[Event "Bogota"]
[Site "Bogota COL"]
[Date "1978.??.??"]
[Round "?"]
[White "Panno, Oscar R"]
[Black "Hernandez, Roman O"]
[Result "1/2-1/2"]
[WhiteElo "2580"]
[BlackElo "2465"]
[PlyCount "41"]
[EventDate "1978.03.??"]
[Source "www.chesslib.no"]
[SourceDate "2004.05.04"]

1. c4 c5 2. Nf3 Nc6 3. d4 cxd4 4. Nxd4 g6 5. e4 Bg7 6. Be3 Nf6 7. Nc3 Ng4 8. Qxg4 Nxd4 9. Qd1 Ne6 10. Rc1 b6 11. Bd3 Bb7 12. O-O O-O 13. Bb1 Rc8 14. b3 a5 15. Qd2 Nc5 16. Bh6 Bxh6 17. Qxh6 e5 18. f4 exf4 19. Rxf4 Qe7 20. Rcf1 f6 21. Qh3 1/2-1/2

[Event "JUG Team Ch"]
[Site "Cetinje"]
[Date "1992.??.??"]
[Round "?"]
[White "Dolmatov, Sergey V"]
[Black "Pavlovic, Milos"]
[Result "1-0"]
[WhiteElo "2595"]
[BlackElo "2450"]
[PlyCount "93"]
[EventDate "1992.??.??"]
[Source "www.chesslib.no"]
[SourceDate "2004.05.04"]

1. e4 c5 2. Nf3 Nc6 3. d4 cxd4 4. Nxd4 g6 5. c4 Bg7 6. Be3 Nf6 7. Nc3 Ng4 8. Qxg4 Nxd4 9. Qd1 Ne6 10. Rc1 Qa5 11. Be2 b6 12. O-O Bb7 13. f3 g5 14. Rc2 Rc8 15. Nb5 Qxa2 16. Qd2 Bc6 17. b4 Qb3 18. Nxa7 Rb8 19. Rfc1 Qxe3+ 20. Qxe3 Bd4 21. Kf2 h5 22. Rd2 Bxe3+ 23. Kxe3 Bb7 24. Ra2 Nf4 25. Bf1 h4 26. Nb5 O-O 27. Nd4 e6 28. g3 hxg3 29. hxg3 Ng6 30. f4 gxf4+ 31. gxf4 Kg7 32. Nf3 Ra8 33. Rca1 d6 34. Ra7 Rxa7 35. Rxa7 Rb8 36. Nd4 Nxf4 37. Nb5 Ng6 38. Nxd6 Ba8 39. Rxf7+ Kg8 40. Rf6 Nf8 41. e5 Bc6 42. Bd3 Ra8 43. Kd4 Ra3 44. b5 Ba8 45. Rf7 Bg2 46. Rc7 Bh1 47. Nc8 1-0

[Event "Las Palmas Open"]
[Site "Las Palmas ESP"]
[Date "1994.??.??"]
[Round "?"]
[White "Franco Ocampos, Zenon"]
[Black "Rogers, Ian"]
[Result "1/2-1/2"]
[WhiteElo "2475"]
[BlackElo "2565"]
[PlyCount "37"]
[EventDate "1994.??.??"]
[Source "www.chesslib.no"]
[SourceDate "2004.05.04"]

1. c4 c5 2. Nf3 g6 3. d4 cxd4 4. Nxd4 Bg7 5. e4 Nc6 6. Be3 Nf6 7. Nc3 Ng4 8. Qxg4 Nxd4 9. Qd1 e5 10. Bd3 O-O 11. O-O d6 12. Qd2 Be6 13. Rac1 a6 14. b3 Qa5 15. Nd5 Qxd2 16. Bxd2 Bxd5 17. cxd5 Rfc8 18. Rxc8+ Rxc8 19. Rc1 1/2-1/2

[Event "Manresa"]
[Site "Manresa"]
[Date "1995.??.??"]
[Round "8"]
[White "Lalic, Bogdan"]
[Black "Vehi Bach, Victor Manuel"]
[Result "1/2-1/2"]
[WhiteElo "2590"]
[BlackElo "2445"]
[PlyCount "61"]
[EventDate "1995.06.??"]
[Source "ChessBase"]

1. c4 c5 2. Nf3 g6 3. d4 cxd4 4. Nxd4 Bg7 5. e4 Nc6 6. Be3 Nf6 7. Nc3 Ng4 8. Qxg4 Nxd4 9. Qd1 Ne6 10. Qd2 Qa5 11. Rc1 b6 12. b3 Bb7 13. Nd5 Qxd2+ 14. Kxd2 Rc8 15. f3 Bd4 16. Be2 d6 17. f4 Bxe3+ 18. Kxe3 Nc5 19. b4 Nxe4 20. Kxe4 e6 21. Kd4 exd5 22. cxd5 Ke7 23. Bb5 Rxc1 24. Rxc1 Rc8 25. Bc6 Rc7 26. b5 Bc8 27. Re1+ Kf6 28. Re8 h5 29. h3 Bf5 30. Rd8 Ke7 31. Ra8 1/2-1/2

[Event "RUS-Cup06"]
[Site "Nizhnij Novgorod"]
[Date "1998.07.01"]
[Round "3"]
[White "Shariyazdanov, Andrey"]
[Black "Voitsekhovsky, Stanislav"]
[Result "1/2-1/2"]
[WhiteElo "2495"]
[BlackElo "2540"]
[PlyCount "33"]
[EventDate "1998.06.29"]
[Source "www.chesslib.no"]
[SourceDate "2004.05.04"]

1. Nf3 Nf6 2. c4 g6 3. Nc3 Bg7 4. e4 c5 5. d4 cxd4 6. Nxd4 Nc6 7. Be3 Ng4 8. Qxg4 Nxd4 9. Qd1 e5 10. Bd3 O-O 11. O-O d6 12. Qd2 Bd7 13. Rfd1 Bc6 14. Rac1 Qh4 15. Nd5 f5 16. exf5 gxf5 17. Bxd4 1/2-1/2

[Event "Lewkowitz Memorial B"]
[Site "Lewkowitz Memorial B"]
[Date "1994.??.??"]
[Round "?"]
[White "Heilemann, Paul G"]
[Black "Enricci, Juan Andres"]
[Result "1/2-1/2"]
[WhiteElo "2530"]
[BlackElo "2505"]
[PlyCount "72"]
[EventDate "1994.??.??"]
[Source "www.chesslib.no"]
[SourceDate "2004.05.04"]

1. e4 c5 2. Nf3 Nc6 3. d4 cxd4 4. Nxd4 g6 5. c4 Bg7 6. Be3 Nf6 7. Nc3 Ng4 8. Qxg4 Nxd4 9. Qd1 Ne6 10. Rc1 Qa5 11. Bd3 b6 12. O-O g5 13. a3 Qe5 14. f3 O-O 15. Qd2 Ba6 16. Rfe1 Rfc8 17. Nd5 Nc5 18. Qd1 Nxd3 19. Qxd3 Bb7 20. b4 d6 21. Kh1 Kh8 22. f4 gxf4 23. Bxf4 Qe6 24. Bg5 f6 25. Be3 Qf7 26. Rf1 Rg8 27. a4 e6 28. Nf4 Bh6 29. Ne2 Rg4 30. Ng3 Qg6 31. Bxh6 Qxh6 32. Kg1 Rag8 33. Rce1 Rh4 34. Qd4 Rxh2 35. Qxf6+ Qxf6 36. Rxf6 Rh4 1/2-1/2

[Event "Paris Ch"]
[Site "Paris FRA"]
[Date "1988.??.??"]
[Round "5"]
[White "Kosten, Anthony C"]
[Black "Cebalo, Miso"]
[Result "0-1"]
[WhiteElo "2515"]
[BlackElo "2515"]
[PlyCount "85"]
[EventDate "1988.??.??"]
[Source "www.chesslib.no"]
[SourceDate "2004.05.04"]

1. e4 c5 2. Nf3 Nc6 3. d4 cxd4 4. Nxd4 g6 5. c4 Bg7 6. Be3 Nf6 7. Nc3 Ng4 8. Qxg4 Nxd4 9. Qd1 Ne6 10. Rc1 Qa5 11. Be2 b6 12. O-O Bb7 13. f3 g5 14. Qd2 h5 15. Rfd1 d6 16. a3 Kf8 17. Qc2 Qe5 18. b4 Bc6 19. Nd5 Qb2 20. Qxb2 Bxb2 21. Rb1 Be5 22. Rd2 Rc8 23. a4 Bxd5 24. exd5 Bd4 25. Kf2 Bxe3+ 26. Kxe3 Nf4 27. Bf1 h4 28. a5 Ng6 29. axb6 axb6 30. Ra1 Ne5 31. Rc2 Rh6 32. Ra6 e6 33. Rd2 exd5 34. Rxd5 Re6 35. Kf2 Nxc4 36. Rxg5 Ne3 37. Ra2 Nd1+ 38. Kg1 Rc1 39. Re2 Ne3 40. Rf2 Rg6 41. f4 d5 42. Rf3 d4 43. Rxg6 0-1

[Event "Lewkowitz Memorial B"]
[Site "Lewkowitz Memorial B"]
[Date "1994.??.??"]
[Round "?"]
[White "Copie, Jose Antonio"]
[Black "Enricci, Juan Andres"]
[Result "1-0"]
[WhiteElo "2525"]
[BlackElo "2505"]
[PlyCount "81"]
[EventDate "1994.??.??"]
[Source "www.chesslib.no"]
[SourceDate "2004.05.04"]

1. e4 c5 2. Nf3 Nc6 3. d4 cxd4 4. Nxd4 g6 5. c4 Bg7 6. Be3 Nf6 7. Nc3 Ng4 8. Qxg4 Nxd4 9. Qd1 Ne6 10. Rc1 Qa5 11. Be2 b6 12. O-O Bb7 13. Bg4 Rd8 14. Nd5 Bxb2 15. Bd2 Qc5 16. Bb4 Qd4 17. Qxd4 Bxd4 18. Bxe7 Bxd5 19. Bxd8 Bxe4 20. Bxe6 fxe6 21. Rcd1 Bxf2+ 22. Rxf2 Kxd8 23. Rf7 Bc6 24. Rg7 e5 25. Rf1 e4 26. Kf2 e3+ 27. Kxe3 Bxg2 28. Rff7 Bh3 29. Rxh7 Rxh7 30. Rxh7 Bf5 31. h4 Kc7 32. Rg7 a5 33. Kf4 Bb1 34. Kg5 a4 35. a3 Bd3 36. Kf6 Bc2 37. Ke5 Kc6 38. Kd4 Bf5 39. Rf7 Bb1 40. Rf6+ d6 41. Rf2 1-0

[Event "Belfort"]
[Site "Belfort FRA"]
[Date "1995.??.??"]
[Round "9"]
[White "Renet, Olivier"]
[Black "Bricard, Emmanuel"]
[Result "0-1"]
[WhiteElo "2530"]
[BlackElo "2500"]
[PlyCount "82"]
[EventDate "1995.01.??"]
[Source "www.chesslib.no"]
[SourceDate "2004.05.04"]

1. e4 c5 2. Nf3 Nc6 3. d4 cxd4 4. Nxd4 g6 5. c4 Bg7 6. Be3 Nf6 7. Nc3 Ng4 8. Qxg4 Nxd4 9. Qd1 e5 10. Nb5 O-O 11. Qd2 Qe7 12. O-O-O Nxb5 13. cxb5 d5 14. exd5 Rd8 15. Bc4 Bf5 16. b3 a6 17. b6 Rd7 18. Kb2 Rad8 19. Qa5 Be4 20. f3 Bxd5 21. Bxd5 e4+ 22. Kb1 exf3 23. Bg5 Qe2 24. Rd2 Rxd5 25. Rxe2 Rxa5 26. Bxd8 fxe2 27. Bh4 Bc3 28. Rc1 Bd2 29. Rc8+ Kg7 30. Re8 e1=Q+ 31. Bxe1 Bxe1 32. Rxe1 Rb5 33. Re7 Rxb6 34. Kb2 Re6 35. Rxb7 Re2+ 36. Ka3 Rxg2 37. h4 Rg4 38. Ra7 Rxh4 39. Rxa6 g5 40. Rc6 g4 41. Rc5 Rh6 0-1

[Event "St Petersburg op"]
[Site "St Petersburg"]
[Date "1994.??.??"]
[Round "8"]
[White "Krogius, Nikolai V"]
[Black "Anastasian, Ashot"]
[Result "1-0"]
[WhiteElo "2480"]
[BlackElo "2545"]
[PlyCount "77"]
[EventDate "1994.02.??"]
[Source "ChessBase"]

1. Nf3 c5 2. c4 g6 3. e4 Bg7 4. d4 cxd4 5. Nxd4 Nc6 6. Be3 Nf6 7. Nc3 Ng4 8. Qxg4 Nxd4 9. Qd1 Ne6 10. Qd2 b6 11. Be2 Bb7 12. O-O O-O 13. Nd5 Nc5 14. f3 a5 15. Rad1 Bxd5 16. cxd5 Rc8 17. Bb5 Qc7 18. d6 exd6 19. Qxd6 Bxb2 20. Qxc7 Rxc7 21. Rd6 Rb7 22. a4 Be5 23. Rd5 d6 24. f4 Bc3 25. Rxd6 Nxe4 26. Rxb6 Rxb6 27. Bxb6 Rb8 28. Be3 Rd8 29. f5 Bd4 30. Bxd4 Rxd4 31. fxg6 hxg6 32. Rc1 Rb4 33. g3 Kg7 34. Rc2 f5 35. Kg2 g5 36. Bc6 g4 37. h4 gxh3+ 38. Kh2 Kf6 39. g4 1-0

[Event "Parcetic Memorial 5th"]
[Site "Sombor"]
[Date "1972.??.??"]
[Round "13"]
[White "Matulovic, Milan"]
[Black "Velimirovic, Dragoljub"]
[Result "1-0"]
[WhiteElo "2525"]
[BlackElo "2500"]
[PlyCount "79"]
[EventDate "1972.11.25"]
[Source "www.chesslib.no"]
[SourceDate "2004.05.04"]

1. e4 c5 2. Ne2 Nc6 3. d4 cxd4 4. Nxd4 g6 5. c4 Bg7 6. Be3 Nf6 7. Nc3 Ng4 8. Qxg4 Nxd4 9. Qd1 Ne6 10. Rc1 b6 11. Bd3 Bb7 12. Bb1 Qb8 13. Qd2 Be5 14. Nd5 g5 15. h4 Nf4 16. Kf1 e6 17. Nc3 gxh4 18. Rxh4 Ng6 19. Rh5 Bc6 20. Rd1 Qc7 21. Nb5 Bxb5 22. cxb5 Rd8 23. Qe2 Rc8 24. g3 Qc4 25. b3 Qb4 26. Kg2 Bg7 27. Rdh1 Bd4 28. a3 Qc3 29. Rc1 Qxc1 30. Bxc1 Rxc1 31. Qd2 Rxb1 32. Qxd4 Rxb3 33. Qa4 Rc3 34. Qxa7 O-O 35. Rh1 Rfc8 36. Ra1 Rc2 37. Qxb6 Ne5 38. a4 Nc4 39. Qd4 e5 40. Qxd7 1-0

[Event "Minsk op"]
[Site "Minsk"]
[Date "1997.??.??"]
[Round "3"]
[White "Savon, Vladimir A"]
[Black "Fedorov, Alexei"]
[Result "1/2-1/2"]
[WhiteElo "2445"]
[BlackElo "2580"]
[PlyCount "76"]
[EventDate "1997.??.??"]
[Source "www.chesslib.no"]
[SourceDate "2004.05.04"]

1. Nf3 g6 2. e4 c5 3. c4 Bg7 4. d4 cxd4 5. Nxd4 Nc6 6. Be3 Nf6 7. Nc3 Ng4 8. Qxg4 Nxd4 9. Qd1 Ne6 10. Qd2 Qa5 11. Rc1 d6 12. Be2 Bd7 13. b3 Rc8 14. O-O Bc6 15. f3 g5 16. Rfd1 h5 17. Nd5 Qxd2 18. Rxd2 b6 19. b4 Be5 20. Bd1 h4 21. a4 Bxd5 22. exd5 Bf4 23. Bxf4 Nxf4 24. Be2 Kf8 25. Bf1 Kg7 26. Ra1 a5 27. bxa5 bxa5 28. Rb2 Rc7 29. Rb5 Ra8 30. Kf2 Kf6 31. Ke3 Ke5 32. Re1 Raa7 33. g3 hxg3 34. hxg3 Ng6 35. Bd3 Kf6 36. f4 gxf4+ 37. gxf4 Rc8 38. Rh1 Raa8 1/2-1/2